ROHINGYA SURVIVORS : (Record no. 174028)
[ view plain ]
| 000 -LEADER | |
|---|---|
| fixed length control field | 01784nam a22003257i 4500 |
| 003 - CONTROL NUMBER IDENTIFIER | |
| control field | PPAK |
| 005 - DATE AND TIME OF LATEST TRANSACTION | |
| control field | 20190827112813.0 |
| 008 - FIXED-LENGTH DATA ELEMENTS--GENERAL INFORMATION | |
| fixed length control field | 190827s2019 my aob e o001 0 eng d |
| 020 ## - INTERNATIONAL STANDARD BOOK NUMBER | |
| International Standard Book Number | 9789674406059 |
| Terms of availability | RM35.00 |
| Qualifying information | paperback |
| 040 ## - CATALOGING SOURCE | |
| Original cataloging agency | PPAK |
| Language of cataloging | eng |
| Transcribing agency | PPAK |
| Description conventions | rda |
| 082 04 - DEWEY DECIMAL CLASSIFICATION NUMBER | |
| Edition number | 23 |
| Classification number | 323.1591 |
| 090 00 - LOCALLY ASSIGNED LC-TYPE CALL NUMBER (OCLC); LOCAL CALL NUMBER (RLIN) | |
| Classification number (OCLC) (R) ; Classification number, CALL (RLIN) (NR) | 323.1591 |
| Feature heading | ZAR |
| Feature heading | G |
| 100 0# - MAIN ENTRY--PERSONAL NAME | |
| Personal name | Zarina Othman, |
| Titles and words associated with a name | Prof. Madya, Dr., |
| Relator term | author. |
| 245 10 - TITLE STATEMENT | |
| Title | ROHINGYA SURVIVORS : |
| Remainder of title | Regional Security Implication of Gender Based Violence / |
| Statement of responsibility, etc. | Zarina Othman, Md. Mahbubul Haque, Bakri Mat |
| 264 #1 - PRODUCTION, PUBLICATION, DISTRIBUTION, MANUFACTURE, AND COPYRIGHT NOTICE | |
| Place of production, publication, distribution, manufacture | Bandar Baru Nilai, Negeri Sembilan : |
| Name of producer, publisher, distributor, manufacturer | USIM PRESS, Universiti Sains Islam Malaysia, |
| Date of production, publication, distribution, manufacture, or copyright notice | 2019 |
| 300 ## - PHYSICAL DESCRIPTION | |
| Extent | 128 pages : |
| Other physical details | illustrations, colour photographs, colour maps ; |
| Dimensions | 23 cm |
| 336 ## - CONTENT TYPE | |
| Source | rdacontent |
| Content type term | text |
| 337 ## - MEDIA TYPE | |
| Source | rdamedia |
| Media type term | unmediated |
| 338 ## - CARRIER TYPE | |
| Source | rdacarrier |
| Carrier type term | volume |
| 500 ## - GENERAL NOTE | |
| General note | Includes index |
| 504 ## - BIBLIOGRAPHY, ETC. NOTE | |
| Bibliography, etc. note | Bibliography : pages [117]-126 |
| 520 ## - SUMMARY, ETC. | |
| Summary, etc. | This book is not only a research book. It also explains how the Rohingya ethnic group became major security issue in the region, mainly in Myanmar. Due to the prior policy of the Burmese regime, the Rohingyas are stateless, the were forced to leave their homeland and labelled as the most victimised ethnic group on earth. The plight of the Rohingyas has attracted the international community attention yet, their future remain uncertain. Based on field works, mainly conducted in Cox's Bazar, Bangladesh and Myanmar, the book analyses how the Rohingya gender issue has destabilised the region. |
| 650 10 - SUBJECT ADDED ENTRY--TOPICAL TERM | |
| Topical term or geographic name entry element | Human security |
| Geographic subdivision | Burma |
| Topical term or geographic name entry element | Rohingya (Burmese people) |
| Geographic subdivision | Burma |
| Topical term or geographic name entry element | Refugees |
| Geographic subdivision | Burma |
| Topical term or geographic name entry element | Government publications |
| Geographic subdivision | Malaysia |
| 700 0# - ADDED ENTRY--PERSONAL NAME | |
| Personal name | Md. Mahbubul Haque, |
| Titles and other words associated with a name | Dr., |
| Relator term | author. |
| Personal name | Bakri Mat, |
| Titles and other words associated with a name | Dr., |
| Relator term | author. |
| 942 ## - ADDED ENTRY ELEMENTS (KOHA) | |
| Source of classification or shelving scheme | Dewey Decimal Classification |
| Koha item type | Book |
| Withdrawn | Not for loan | Current library | Shelving location | Date acquired | Full call number | Barcode | Date last seen | Koha item type | Total Checkouts | Date last checked out |
|---|---|---|---|---|---|---|---|---|---|---|
| Perpustakaan Alor Setar | Pinjaman Dewasa | 25/09/2019 | 323.1591 ZAR | A01615448 | 25/09/2019 | Book | ||||
| Perpustakaan Awam Sungai Petani | Pinjaman Dewasa | 25/09/2019 | 323.1591 ZAR | A01615449 | 29/01/2020 | Book | 1 | 08/01/2020 | ||
| Perpustakaan Kulim | Pinjaman Dewasa | 25/09/2019 | 323.1591 ZAR | A01615450 | 25/09/2019 | Book |